01117nam a2200193Ia 4500001001100000003001000011008004100021040002500062041001300087100002000100245001500120250001100135260009100146300001100237500026000248501011400508520026000622650004100882L807-49436IT-CnALBA170116s9999||||xx |||||||||||||| ||und|| aIT-CnALBAcIT-CnALBA aITALIANO aMORAVIA ALBERTO 0aAGOSTINO.  a1a ed. aMILANObBOMPIANI VALENTINO CASA EDITR. c1988 [1° Ed.:1988 - Ed.Ling.Originale: 1945] a85 p.  aCON AGOSTINO RICONOSCENTI DELLA CRITICA E DEL PUBBLICO. STORIA DI INIZIAZIONE SESSUALE. DONNA VEDOVA E RAGAZZINO, MADRE E FIGLIO. CRISI AUTENTICA PER AGOSTINO, LACERAZIONE. RICOMPOSIZIONE DI UN NUOVO MONDO. RENDERSI CONTO DELLA VITA. VITA E OPERE DI MORAV aSocietà San Paolo EM - Piazza San Paolo, 14 - 12051 ALBA (CN) (non commercial uses only) ® Copyright 2017 aCON AGOSTINO RICONOSCENTI DELLA CRITICA E DEL PUBBLICO. STORIA DI INIZIAZIONE SESSUALE. DONNA VEDOVA E RAGAZZINO, MADRE E FIGLIO. CRISI AUTENTICA PER AGOSTINO, LACERAZIONE. RICOMPOSIZIONE DI UN NUOVO MONDO. RENDERSI CONTO DELLA VITA. VITA E OPERE DI MORAV aSTUDIO E INSEGNAM. DELLA LETTERATURA